Statistics for Harry Potter Trivia

Click here to take the quiz!

General Stats

  • This quiz has been taken 17,488 times
    (17,479 since last reset)
  • The average score is 10 of 15

Answer Stats

HintAnswer% Correct
What age are wizards allowed to Apparate?17
95%
What is Harry's owl name?Hedwig
92%
Hermione's parents have what profession?dentists
89%
What should be eatten after encountering a Dementor?chocolate
86%
Who killed Dobby?Bellatrix Lestrange
85%
Most spells are derived from what language?Latin
84%
What is the otherl name of "The Sorceror's Stone"?The Philosopher's Stone
82%
What is the name of the Weasley's house?the burrow
74%
Viktor Krum is from what school?Durmstrang
71%
What transportation system does Stan Shunpike work for?Knight Bus
68%
What made the Sword of Gryffindor able to destroy Horcruxes?Basilisk venom
57%
What car does Mr. Weasley drive?Ford Anglia
49%
Where was the Order of the Phoenix headquartered?12 Grimmauld Place
37%
What does Umbridge say the "S" on Slytherin's locket stands for?Selwyn
19%
What are the 3 D's in Apparition?Destination, Determination, Deliberation
17%

Score Distribution

Percentile by Number Answered

Percent of People with Each Score

Your Score History

You have not taken this quiz since the last reset